LEADER 01025nam a2200229 4500 001 000000357169 003 CaOOAMICUS 005 20240213143058.0 008 240213s1783 it 000 u ita r 026 $eo.o; o,e, e.a, FrGl (3) 1783 (R) 040 $aSeMil$bita 100 11$aFrugoni, Carlo Innocenzo,$d<1692-1768>.$0(OLS)http://semarc/name/11178 245 10$aTomo 4. 264 1$aMilano :$bPresso Gaetano Motta,$c1783. 300 $a[4], 252 p. ;$c12° 500 $aSegn.: ?˛ a-Ką˛ L? 773 0 $aFrugoni, Carlo Innocenzo <1692-1768>$tPoesie scelte dell'abate Carlo Innocenzo Frugoni fra gli arcadi Comante Eginetico. Tomo 1. [-4.].$dMilano : Presso Gaetano Motta, 1783.$kLirici italiani del secolo 18.$g4$w()357164 850 $aSeMil 852 $aSeMil$W1$xVenegono$y1$m1P III 38 FA$j246156$B248354$CSeMilBibl$Z2$F248354 $8I 996 $6245$aTomo 4$9(OLS)http://semarc/title/136909 996 $6264$aMilano :$bPresso Gaetano Motta$9(OLS)http://semarc/publisher/38415 LEADER 01212nam a2200253 i 4500 001 000000164715 003 CaOOAMICUS 005 20070925000000.0 008 070925s1968 it u000 u ita u 013 $a142083 040 $aSeMil$bita 100 1 $aMigliorini, Bruno <1896-1975>.$0(OLS)http://semarc/name/6925 245 10$aDal nome proprio al nome comune :$bristampa fotostatica dell'edizione del 1927 con un supplemento /$cBruno Migliorini. 260 $aFirenze :$bLeo S. Olschki,$c1968. 300 $a357 p., LXXVIII ;$c26 cm. 490 0 $aBiblioteca dell'Archivum romanicum. Serie 2., Linguistica ;$v13 500 $aContiene : Appendice. 650 4$aOnomastica - Nomi - Lingue neolatine.$0(OLS)http://semarc/subject/31303 830 0$aBiblioteca dell'Archivum romanicum. Serie 2., Linguistica ;$v13.$0(OLS)http://semarc/title/1756 850 $aSeMil 852 $aSeMil$W1$xVenegono$y1$m1P V 1$j248387$B115943$CSeMilBibl$Z2$F126780 $81 961 $aRecupero: Altro 996 $6245$aDal nome proprio al nome comune :$bristampa fotostatica dell'edizione del 1927 con un supplemento$9(OLS)http://semarc/title/235040 996 $6260$aFirenze :$bLeo S. Olschki$9(OLS)http://semarc/publisher/29957